| 000 | 00548nam a2200205 a 4500 | ||
|---|---|---|---|
| 001 | 9327 | ||
| 003 | CO-ViMGA | ||
| 008 | 141112s2004 ck r 000 u spa d | ||
| 040 |
_aCO-ViMGA _bspa _cCO-ViMGA |
||
| 082 | 0 | 4 | _aR433. C697 |
| 100 | 1 |
_aCollins Pocket, _910090 |
|
| 245 | 1 | 0 | _aDiccionario Español - Aleman/Aleman - Español/ |
| 250 | _a2 | ||
| 260 |
_aBarcelona : _bGrijalba, _c1998. |
||
| 300 | _a320p. | ||
| 650 | 1 | 4 |
_aALEMAN - DICCIONARIO _910091 |
| 650 | 1 | 4 |
_aDICCIONARIO _910092 |
| 650 | 1 | 4 | _aESPAÑOL - DICCIONARIO |
| 942 |
_2ddc _cBK |
||
| 999 |
_c20857 _d20857 |
||